banner-ar

مذكرات نوبار باشا / (Record no. 60194)

MARC details
000 -الفاتح
حقل البيانات ثابتة الطول 01130nam a22002777a 4500
005 - وقت وتاريخ اخر تعامل مع التسجيلة
رقم الضبط 20240530110357.0
008 - عناصر البيانات ثابتة الطول - معلومات عامة
حقل البيانات ثابتة الطول 150105s2009 ua o f 000 0aara d
017 ## - رقم الايداع القانونى
رقم الايداع القانونى 13635/2008
المصدر ( الهيئة المختصة) مصر . دار الكتب المصرية
020 ## - الرقم الدولى المعيارى للكتب
الرقم الدولى المعيارى للكتاب 9789770924673
040 ## - مصدر الفهرسة
وكالة الفهرسة الأصلية EG-CaGPL
041 0# - رمز اللغة
رمز لغة النص/ المسارات الصوتية أو العنوان الانفرادي ara
082 04 - رقم تصنيف ديوى العشرى
رقم الطبعة 21
رقم التصنيف 923.2
رقم المادة ق/ن م
100 0# - المدخل الرئيسى - إسم شخصى
الإسم الشخصى نوبار باشا
245 10 - بيان العنوان
العنوان مذكرات نوبار باشا /
بيان المسئوليه,etc مقدمة و ملاحظات ميريت بطرس غالى ؛ ترجمة جارم روبير طبقيان ؛ مراجعة الهام ذهبى ؛ تقديم ودراسة وتعليق لطفية محمد سالم
250 ## - بيان الطبعة
بيان الطبعة ط 1
260 ## - PUBLICATION, DISTRIBUTION, ETC. (IMPRINT)
تاريخ النشر أو التوزيع 2009
300 ## - الوصف المادى
التعداد 724 ص ؛
أبعاد الوعاء 24 سم
600 0# - المدخل الاضافى بالموضوع-اسم شخصى
الإسم الشخصى نوبار باشا
651 04 - المدخل الاضافى بالموضوع - اسم جغرافى
الاسم الجغرافي مصر
التقسيم الفرعي العام تاريخ
التقسيم الفرعي الزمني العصر الحديث
700 0# - المدخل الاضافى - اسم شخصى
الإسم الشخصى لطفية محمد سالم
الدور مقدم
700 0# - المدخل الاضافى - اسم شخصى
الإسم الشخصى ميريت بطرس غالى
الدور مقدم
700 0# - المدخل الاضافى - اسم شخصى
الإسم الشخصى الهام ذهنى
الدور مراجع
700 0# - المدخل الاضافى - اسم شخصى
الإسم الشخصى جارو روبير طبقيان
الدور مترجم
942 ## - عناصر المدخل الإضافي( كوها)
مصدر التصنيف او مخطط الترفيف Dewey Decimal Classification
Koha [default] item type كتاب
260 ## - PUBLICATION, DISTRIBUTION, ETC. (IMPRINT)
-- القاهرة :
-- دار الشروق ،
Holdings
حالة التراجع حالة الفقد حالة تلف ليس للاعارة المكان المؤقت الموقع الحالى تاريخ الاكتساب اجمالي اﻻعارات رقم الطلب الباركود تاريخ اخر مشاهدة تاريخ تفعيل السعر نوع وعاء كوها
        مكتبة القاهرة الكبرى مكتبة القاهرة الكبرى 01/13/2015   923.2 ق/ن م 159196 01/13/2015 01/13/2015 كتاب

Powered By

EGPV